000 00271nam a2200121 a 4500
005 20140414093847.0
008 110304s19uu xx 00 eng d
050 _aCD 448
_bFRE 2009
245 _aFrench.
650 _aFrench language
942 _cAVM
999 _c109701
_d109701